Every Spain Debutant Since 1995 - Statistics

General Stats
  • This quiz has been taken 49 times
  • The average score is 129 of 252
Answer Stats
% Correct
2021 Barcelona CM 18 Pedri 18
100%
2001 Valencia RB 24 Curro Torres 5
97%
2014 Real Madrid RB 22 Daniel Carvajal 36
97%
2014 Manchester United GK 23 David De Gea 45
97%
2003 Atletico Madrid ST 19 Fernando Torres 110 38
97%
2020 Manchester City RW 20 Ferran Torres 35 15
97%
2021 Barcelona CM 17 Gavi 21 3
97%
2013 Malaga AM 20 Isco 38 12
97%
2019 Villarreal CB 22 Pau Torres 23 1
97%
2006 Barcelona CM 22 Andres Iniesta 131 14
94%
2019 Dinamo Zagreb AM 21 Dani Olmo 31 6
94%
2005 Real Zaragoza ST 23 David Villa 98 59
94%
2020 Manchester City CB 19 Eric Garcia 19
94%
2012 Benfica DM 25 Javi Garcia 2
94%
2007 Espanyol CM 26 Luis Garcia 7
94%
2005 Liverpool RW 26 Luis Garcia 18 4
94%
2021 Sporting Gijon AM 23 Manu Garcia 1
94%
2018 Chelsea LB 27 Marcos Alonso 9
94%
2010 Barcelona RW 22 Pedro Rodriguez 65 17
94%
2008 Real Zaragoza ST 24 Sergio Garcia 2
94%
2005 Sevilla CB 18 Sergio Ramos 180 23
94%
2003 Real Sociedad DM 21 Xabi Alonso 114 16
94%
2000 Barcelona CM 20 Xavi Hernandez 133 12
94%
2014 Juventus ST 22 Alvaro Morata 64 30
91%
2021 Manchester City CB 27 Aymeric Laporte 22 1
91%
1998 Mallorca ST 23 Dani Garcia 5 1
91%
2023 Osasuna CB 29 David Garcia 1
91%
2006 Valencia AM 20 David Silva 125 35
91%
2013 Atletico Madrid CM 21 Koke 70
91%
2016 Espanyol RW 20 Marco Asensio 37 2
91%
2013 Real Madrid CB 23 Nacho Fernandez 24 1
91%
2005 Liverpool GK 22 Pepe Reina 36
91%
2014 Atletico Madrid ST 28 Raul Garcia 2
91%
1996 Real Madrid SS 19 Raul Gonzalez 102 44
91%
2014 Valencia ST 23 Rodrigo Moreno 28 8
91%
2009 Barcelona DM 20 Sergio Busquets 143 2
91%
2010 Barcelona GK 28 Victor Valdes 20
91%
2013 Sevilla LB 21 Alberto Moreno 4
88%
2020 Barcelona LW 17 Ansu Fati 9 2
88%
2000 Barcelona CB 22 Carles Puyol 100 3
88%
2000 Real Madrid GK 28 Cesar Sanchez 1
88%
2019 Villarreal ST 27 Gerard Moreno 17 5
88%
2009 Barcelona CB 22 Gerard Pique 102 5
88%
2016 Athletic Bilbao ST 21 Inaki Williams 1
88%
2001 Alaves ST 26 Javi Moreno 5 1
88%
1998 Celta Vigo ST 26 Juan Sanchez 1
88%
2014 Espanyol GK 28 Kiko Casilla 1
88%
2022 Athletic Bilbao RW 20 Nico Williams 8 1
88%
2021 Brighton & Hove Albion GK 23 Robert Sanchez 2
88%
2018 Villarreal DM 21 Rodri 43 1
88%
2020 Athletic Bilbao GK 23 Unai Simon 33
88%
2022 Barcelona LB 19 Alejandro Balde 5
85%
2013 Chelsea RB 23 Cesar Azpilicueta 44 1
85%
2014 Atletico Madrid ST 25 Diego Costa 24 10
85%
2016 Rayo Vallecano CB 22 Diego Llorente 10
85%
2008 Athletic Bilbao ST 23 Fernando Llorente 24
85%
2016 Celta Vigo ST 29 Iago Aspas 20 6
85%
2020 Atletico Madrid CM 25 Marcos Llorente 18
85%
2000 Deportivo La Coruna RW 24 Victor Sanchez 8
85%
2006 Arsenal CM 18 Cesc Fabregas 110 15
82%
2013 Real Sociedad CB 22 Inigo Martinez 20 1
82%
2010 Athletic Bilbao DM 21 Javi Martinez 18
82%
2011 Valencia LB 22 Jordi Alba 93 10
82%
2016 Real Sociedad LW 19 Mikel Oyarzabal 23 6
82%
2008 Liverpool RB 25 Alvaro Arbeloa 56
79%
2016 Manchester United CM 27 Ander Herrera 2
79%
1999 Deportivo La Coruna CB 22 Cesar Martin 12 3
79%
2019 Napoli CM 23 Fabian Ruiz 18 1
79%
2000 Real Madrid GK 19 Iker Casillas 167
79%
1998 Real Sociedad LM 25 Javi de Pedro 12 2
79%
2021 RB Leipzig GK 23 Josep Martinez 1
79%
2021 Braga ST 21 Abel Ruiz 2
76%
2012 Atletico Madrid ST 24 Adrian Lopez 2 1
76%
2005 Atletico Madrid LB 23 Antonio Lopez 16 1
76%
2022 Brentford GK 26 David Raya 2
76%
2009 Villarreal GK 27 Diego Lopez 1
76%
2000 Valencia CM 21 Gerard Lopez 6 2
76%
2019 Getafe ST 30 Jaime Mata 1
76%
2009 Valencia AM 20 Juan Mata 41 11
76%
2016 Atletico Madrid CM 21 Saul Niguez 19 3
76%
2016 Barcelona RB 24 Sergio Roberto 11 1
76%
2004 Real Sociedad RB 29 Aitor Lopez Rekarte 1
74%
2006 Celta Vigo RB 25 Angel Lopez 5
74%
1998 Real Madrid ST 21 Fernando Morientes 47 27
74%
2009 Sevilla RB 23 Jesus Navas 48 5
74%
2012 Atletico Madrid RB 27 Juanfran 22 1
74%
2000 Celta Vigo LB 23 Juanfran 11
74%
2017 Athletic Bilbao GK 23 Kepa Arrizabalaga 13
74%
2016 Real Madrid RB 24 Lucas Vazquez 9
74%
2014 Athletic Bilbao DM 25 Mikel San Jose 7
74%
2018 Real Betis GK 23 Pau Lopez 2
74%
2007 Valencia CB 22 Raul Albiol 58
74%
2020 Wolverhampton Wanderers RW 24 Adama Traore 8
71%
2016 Arsenal RB 21 Hecto Bellerin 4
71%
2014 Napoli RW 27 Jose Callejon 5
71%
2008 Villarreal CM 23 Santi Cazorla 81 15
71%
2021 Valencia CM 24 Carlos Soler 14 4
68%
2018 Valencia LB 23 Jose Gaya 19 3
68%
2023 Espanyol ST 32 Joselu 4 3
68%
2021 Sporting CP RB 21 Pedro Porro 2
68%
2011 Barcelona CM 20 Thiago Alcantara 46 2
68%
2021 Huesca GK 23 Alvaro Fernandez 1
65%
2008 Barcelona SS 18 Bojan Krkic 1
65%
2021 Milan AM 21 Brahim Diaz 1 1
65%
2018 Real Madrid CM 22 Dani Ceballos 13 1
65%
2002 Deportivo La Coruna LB 24 Joan Capdevila 60 4
65%
2017 Lazio CM 25 Luis Alberto 1
65%
2020 Real Sociedad CM 24 Mikel Merino 15
65%
2023 Real Sociedad CB 26 Robin Le Normand 2
65%
2017 Milan RW 23 Suso 5
65%
2000 Real Valladolid ST 25 Victor Fernandez 1
65%
2009 Sevilla ST 24 Alvaro Negredo 21 10
62%
2017 Real Sociedad DM 27 Asier Illarramendi 3 1
62%
2018 Valencia CM 28 Dani Parejo 4
62%
2014 Bayern Munich LB 21 Juan Bernat 11 1
62%
2014 Celta Vigo LW 28 Nolito 16 6
62%
2019 Paris Saint-Germain RW 27 Pablo Sarabia 26 9
62%
2014 Valencia ST 21 Paco Alcacer 19 12
62%
2007 Osasuna ST 22 Roberto Soldado 12 7
62%
2021 Getafe LB 22 Marc Cucurella 1
59%
2006 Villarreal DM 29 Marcos Senna 28 1
59%
2021 Villarreal RW 18 Yeremy Pino 11 2
59%
2017 Real Sociedad RB 21 Alvaro Odriozola 4 1
56%
2022 Real Betis ST 29 Borja Iglesias 2
56%
2007 Mallorca ST 27 Dani Guiza 21 6
56%
1998 Celta Vigo RB 22 Michel Salgado 53
56%
2009 Valencia AM 24 Pablo Hernandez 4 1
56%
2019 Real Betis AM 28 Sergio Canales 11 1
56%
2010 Valencia ST 29 Aritz Aduriz 13 2
53%
1999 Real Madrid CM 22 Guti 14 3
53%
2002 Real Betis RW 20 Joaquin 51 4
53%
2009 Osasuna LB 23 Nacho Monreal 22 1
53%
2020 Sevilla AM 22 Oscar Rodriguez 2
53%
2002 Valencia CB 23 Carlos Marchena 69 2
50%
1998 Espanyol CB 23 Ivan Helguera 47 3
50%
2018 Wolverhampton Wanderers LB 24 Jonny Otto 3
47%
2003 Sevilla RW 20 Jose Antonio Reyes 21 4
47%
2014 Everton ST 20 Gerard Deulofeu 4 1
44%
2013 Swansea City SS 27 Michu 1
44%
2014 Barcelona ST 19 Munir El Haddadi 1
44%
2011 Villarreal CM 26 Borja Valero 1
41%
2013 Barcelona CB 22 Marc Bartra 14 1
41%
2021 Real Sociedad DM 22 Martin Zubimendi 1
41%
2016 Villarreal GK 26 Sergio Asenjo 1
41%
2016 Sevilla GK 22 Sergio Rico 1
41%
2003 Barcelona DM 24 Gabri 3
38%
1999 Valencia RM 25 Gaizka Mendieta 40 8
38%
2012 Athletic Bilbao AM 19 Iker Muniain 2
38%
2020 Real Madrid LB 23 Sergio Reguilon 6
38%
2015 Sevilla LW 25 Vitolo 12 4
38%
2004 Athletic Bilbao LB 23 Asier del Horno 10 2
35%
2001 Valencia DM 24 David Albelda 51
35%
2001 Deportivo La Coruna ST 25 Diego Tristan 15 4
35%
2018 Espanyol CB 23 Mario Hermoso 5
35%
2008 Getafe CM 22 Ruben de la Red 3 1
35%
2021 Eibar LW 20 Bryan Gil 4
32%
2021 Espanyol RB 23 Oscar Gil 1
32%
2018 Celta Vigo AM 21 Brais Mendez 4 1
29%
2013 Barcelona LW 22 Cristian Tello 1
29%
2021 Valencia DM 21 Hugo Guillamon 3 1
29%
1998 Atletico Madrid AM 23 Juan Carlos Valeron 46 5
29%
2013 Atletico Madrid CB 25 Mario Suarez 3
29%
2002 Real Madrid CB 21 Raul Bravo 14
29%
2000 Valencia CM 25 Ruben Baraja 43 7
29%
1995 Athletic Bilbao CB 21 Aitor Karanka 1
26%
2012 Atletico Madrid CB 23 Alvaro Dominguez 2
26%
1996 Deportivo La Coruna RB 26 Armando Alvarez 2
26%
2010 Villarreal DM 26 Bruno Soriano 10
26%
2016 Villarreal AM 22 Denis Suarez 1
26%
2008 Mallorca LB 25 Fernando Navarro 2
26%
2006 Sevilla CB 32 Javi Navarro 4
26%
1997 Athletic Bilbao RW 20 Joseba Etxeberria 53 12
26%
2002 Real Betis CB 26 Juanito 25 3
26%
2015 Malaga LW 21 Juanmi 1
26%
2000 Real Zaragoza GK 28 Juanmi 1
26%
2021 Real Betis LB 21 Juan Miranda 1 1
26%
2001 Espanyol CM 24 Sergio 11
26%
2007 Espanyol LM 25 Albert Riera 16 4
24%
2005 Espanyol AM 28 Ivan de la Pena 5
24%
1996 Atletico Madrid GK 25 Jose Francisco Molina 9
24%
2011 Getafe ST 27 Manu del Moral 1
24%
2000 Deportivo La Coruna RB 24 Manuel Pablo 13
24%
1999 Racing Santander SS 23 Pedro Munitis 21 2
24%
2021 Espanyol ST 27 Raul de Tomas 4
24%
2001 Valencia LW 19 Vicente 38 3
24%
2014 Malaga DM 24 Ignacio Camacho 1
21%
2017 Las Palmas AM 27 Jonathan Viera 1
21%
2001 Milan CM 22 Jose Mari 4 1
21%
2006 Getafe LB 29 Mariano Pernia 11 1
21%
2015 Villarreal RB 24 Mario Gaspar 3 2
21%
2021 Barcelona CB 22 Oscar Mingueza 1
21%
2016 Malaga AM 20 Pablo Fornals 6 1
21%
2000 Espanyol ST 22 Raul Tamudo 13 5
21%
2019 Athletic Bilbao CB 22 Unai Nunez 1
21%
2002 Mallorca LW 24 Albert Luque 17 2
18%
2015 Sevilla RW 25 Aleix Vidal 1
18%
2008 Athletic Bilbao RB 26 Andoni Iraola 7
18%
2021 Real Madrid DM 20 Antonio Blanco 1
18%
2000 Deportivo La Coruna LB 28 Enrique Romero 10
18%
1996 Athletic Bilbao ST 25 Ismael Urzaiz 25 8
18%
2012 Athletic Bilbao RW 24 Markel Susaeta 1 1
18%
2004 Valencia SS 27 Miguel Angel Angulo 11
18%
2004 Atletico Madrid CB 23 Pablo Ibanez 23
18%
2000 Racing Santander ST 24 Salva Ballesta 4
18%
1998 Espanyol GK 28 Toni Jimenez 3
18%
1995 Real Sociedad LB 22 Agustin Aranzabal 28
15%
1998 Barcelona DM 22 Albert Celades 4
15%
2014 Athletic Bilbao DM 25 Ander Iturraspe 2
15%
1998 Real Betis LM 26 Fernando 2
15%
2021 Roma CM 23 Gonzalo Villar 1
15%
1998 Mallorca DM 24 Ivan Campo 4
15%
2020 Levante CM 27 Jose Campana 1
15%
2021 Celta Vigo CM 22 Fran Beltran 1
12%
2000 Malaga RW 23 Francisco Rufete 3
12%
1997 Atletico Madrid RB 28 Juan Carlos Aguilera 7
12%
2005 Valencia ST 26 Mista 2
12%
2002 Malaga GK 30 Pedro Contreras 1
12%
1998 Mallorca CM 32 Vicente Engonga 14 1
12%
2012 Real Betis CM 25 Benat Etxebarria 4
9%
2004 Athletic Bilbao GK 24 Daniel Aranzubia 1
9%
1999 Valencia DM 21 Javier Farinos 2
9%
2000 Celta Vigo RB 22 Juan Velasco 5
9%
1997 Real Betis ST 25 Oli 2 1
9%
2001 Real Valladolid GK 29 Ricardo 2
9%
2006 Sevilla LB 21 Antonio Puerta 1
6%
1998 Athletic Bilbao LM 27 Bittor Alkiza 3 1
6%
2000 Celta Vigo ST 28 Catanha 3
6%
2008 Sevilla LW 20 Diego Capel 2
6%
2002 Atletico Madrid CB 27 Garcia Calvo 3
6%
1995 Deportivo La Coruna AM 25 Javier Manjarin 13 2
6%
1997 Atletico Madrid LW 24 Jordi Lardin 3
6%
2000 Rayo Vallecano AM 27 Luis Cembranos 1
6%
2002 Athletic Bilbao DM 23 Pablo Orbaiz 4
6%
1996 Real Betis CB 25 Roberto Rios 11
6%
1997 Atletico Madrid CB 23 Santi Denia 2
6%
2015 Athletic Bilbao CB 27 Xabi Etxeita 1
6%
2021 Eibar RB 22 Alejandro Pozo 1
3%
1998 Real Betis CM 23 Ito 1
3%
2007 Deportivo La Coruna ST 22 Javier Arizmendi 1
3%
2021 Espanyol LW 23 Javi Puado 1 1
3%
2001 Real Zaragoza DM 27 Jose Ignacio 2
3%
1998 Mallorca CB 27 Marcelino 5
3%
1998 Real Zaragoza RM 23 Marcos Vales 1
3%
2001 Alaves CB 26 Oscar Tellez 4
3%
1998 Real Zaragoza CB 28 Paco Jemez 21
3%
1998 Athletic Bilbao ST 21 Santiago Ezquerro 1
3%
1995 Celta Vigo ST 27 Sebastian Losada 1
3%
2005 Villarreal RW 24 Antonio Guayre 1
0%
2006 Celta Vigo DM 24 Borja Oubina 2
0%
2002 Real Betis AM 25 Capi 4
0%
2002 Athletic Bilbao CM 25 Tiko 1
0%
2001 Villarreal CB 24 Unai Vergara 1
0%
No matching quizzes found
Score Distribution
Percent of People with Each Score
Percentile by Number Answered
Your Score History
You have not taken this quiz